| 000 | 00854cam a22002054a 4500 | ||
|---|---|---|---|
| 005 | 20250605164128.0 | ||
| 008 | 250528s ||||||||||||||||||||||||d | ||
| 035 | _a18553 | ||
| 020 | _a714826286 | ||
| 040 |
_aGR-AtMCL _bgre _dGR-AtMCL _eAACR2 |
||
| 245 | 1 | _aThe New Guide to Illustration | |
| 260 |
_bPhaidon, _c1990 |
||
| 300 | _a194 | ||
| 505 | 0 | _aForeword, Introduction, Media and Techniques, Professional Practice, Magazines and Newspapers, Books, Specialist Illustration, Advertising and Graphics, The Moving Image, Index, Acknowledgements. | |
| 520 | _aForeword, Introduction, Media and Techniques, Professional Practice, Magazines and Newspapers, Books, Specialist Illustration, Advertising and Graphics, The Moving Image, Index, Acknowledgements. | ||
| 700 | 1 |
_aSimpson Ian _94818 |
|
| 942 | _cBK | ||
| 999 |
_c3904 _d3904 |
||